LEADER 00979nam--2200349---450 001 990001873540203316 005 20210310112356.0 035 $a000187354 035 $aUSA01000187354 035 $a(ALEPH)000187354USA01 035 $a000187354 100 $a20040723d1946----km-y0itay0103----ba 101 0 $aita 102 $aIT 105 $a||||||||001yy 200 1 $aDiritti di libertà$fFrancesco Ruffini$gintroduzione e note di Piero Calamandrei 210 $aFirenze$cLa Nuova Italia$d1946 215 $aLXI, 329 p.$d20 cm 410 0$12001 454 1$12001 461 1$1001-------$12001 676 $a323.44 700 1$aRUFFINI,$bFrancesco$0143520 702 1$aCALAMANDREI,$bPiero 801 0$aIT$bsalbc$gISBD 912 $a990001873540203316 951 $a323.44 RUF 2 (IX A 37)$b17057 L.M.$cIX A$d00204344 951 $aX.3.A. 1247(IV C 857)$b6745 L.M.$cIV C 959 $aBK 969 $aUMA 996 $aDiritti di libertà$997921 997 $aUNISA LEADER 01625nam 2200385Ia 450 001 996387838103316 005 20200824132227.0 035 $a(CKB)4940000000083279 035 $a(EEBO)2240880622 035 $a(OCoLC)ocm18840787e 035 $a(OCoLC)18840787 035 $a(EXLCZ)994940000000083279 100 $a19881205d1645 uy | 101 0 $aeng 135 $aurbn||||a|bb| 200 13$aAn exposition with practical observations continued upon the fourth, fifth, sixth and seventh chapters of the booke of Job$b[electronic resource] $ebeing the substance of XXXV. lectures, delivered at Magnus neare the Bridge, London /$fby Joseph Caryl .. 210 $aLondon $cPrinted by G. Miller for H. Overton, L. Fawne, I. Rothwell, and G. Calvert$dM.DC.XLV [1645] 215 $a[10], 725, [24] p 300 $aMarginal notes. 300 $aIncludes index. 300 $aErrata: p. 725. 300 $aError in paging: p. 576-577 lacking in numbering only. 300 $aImperfect: p. 241-248, [22]-[24] lacking; p. 230-259, 724-[24] from British Library copy spliced at end. 300 $aReproduction of original in the University of Illinois (Urbana-Champaign Campus). Library. 330 $aeebo-0167 606 $aSermons, English$y17th century 615 0$aSermons, English 700 $aCaryl$b Joseph$f1602-1673.$01003625 801 0$bEAH 801 1$bEAH 801 2$bWaOLN 906 $aBOOK 912 $a996387838103316 996 $aAn exposition with practical observations continued upon the fourth, fifth, sixth and seventh chapters of the booke of Job$92317138 997 $aUNISA